| 000 | 00892nam a22002297a 4500 | ||
|---|---|---|---|
| 999 |
_c647 _d647 |
||
| 003 | AR-CdUCM | ||
| 008 | 190225b ||||| |||| 00| 0 spa d | ||
| 040 |
_aMUNICIPALIDAD PROVINCIAL DEL CUSCO _cBIBLIOTECA MUNICIPAL DEL CUSCO |
||
| 082 |
_a986.06 / _bN94 |
||
| 100 |
_aNúñez, Carlos _92510 |
||
| 245 |
_aLos Tupamaros : _bvanguardia armada en Uruguay / |
||
| 260 |
_aHuaráz : _bFondo de Cultura Popular. |
||
| 300 |
_a53 páginas ; _c16 cm. |
||
| 500 | _aDonación de la familia Nieto - Degrégori | ||
| 505 | _aSendic y los "peludos" del "brazo armado " A -- La fuerza de Vanguardia -- Madurez revolucionaria, deterioro del régimen -- Una estrategia con los pies en la tierra -- Uruguay: ¿una excepción? ... | ||
| 650 |
_aUruguay _92511 |
||
| 650 |
_aRevolución _9844 |
||
| 650 |
_aCuba _91821 |
||
| 650 |
_aSindicatos _92512 |
||
| 942 |
_2ddc _cLIBROS |
||
| 945 |
_araen _d2019-02-25 |
||